Úloha a postavenie štátnej obchodnej inšpekcie v súčasných podmienkach obchodu bakalárska práca

Saved in:
Bibliographic Details
Main Author: Maroň, Tomáš
Corporate Author: Obchodná fakulta EU. Katedra obchodného práva
Other Authors: Mišura, Ján
Format: Book
Language:Slovak
Published: Bratislava 2010
Tags: Add Tag
No Tags, Be the first to tag this record!

MARC

LEADER 00000nam$a2200000$$$4500
001 0134935
005 20240320074546.7
041 0 |a slo 
044 |a SK 
245 1 0 |a Úloha a postavenie štátnej obchodnej inšpekcie v súčasných podmienkach obchodu  |b bakalárska práca  |c Tomáš Maroň ; školiteľ: Ján Mišura 
264 1 |a Bratislava  |c 2010 
300 |a 56 s. 
100 1 |a Maroň, Tomáš 
700 1 |a Mišura, Ján 
710 2 |a Obchodná fakulta EU. Katedra obchodného práva